Sons of Ishmael : (Record no. 68695)
[ view plain ]
| 000 -LEADER | |
|---|---|
| fixed length control field | 00765nam a2200253 a 4500 |
| 001 - CONTROL NUMBER | |
| control field | 68695 |
| 003 - CONTROL NUMBER IDENTIFIER | |
| rucl marc code | BD-RJUL |
| 005 - DATE AND TIME OF LATEST TRANSACTION | |
| control field | 20211209081811.0 |
| 008 - FIXED-LENGTH DATA ELEMENTS--GENERAL INFORMATION | |
| fixed length control field | 170405s1935 enkabgj b 001 0 eng d |
| 035 ## - SYSTEM CONTROL NUMBER | |
| System control number | (BD-RJUL) 68905 |
| 040 ## - CATALOGING SOURCE | |
| Original cataloging agency | DLC |
| Transcribing agency | LFM |
| Modifying agency | BD-RJUL |
| Language of cataloging | eng |
| 041 ## - LANGUAGE CODE | |
| Language code of text/sound track or separate title | eng |
| 082 ## - DEWEY DECIMAL CLASSIFICATION NUMBER | |
| Classification number | 962.0049272 |
| Edition number | 23 |
| Author mark and year | MUS 1935 |
| 100 1# - MAIN ENTRY--PERSONAL NAME | |
| Personal name | Murray, G. W. |
| Fuller form of name | (George William), |
| Dates associated with a name | 1885- |
| 9 (RLIN) | 203605 |
| 245 10 - TITLE STATEMENT | |
| Title | Sons of Ishmael : |
| Remainder of title | a study of the Egyptian Bedouin / |
| Statement of responsibility, etc. | by G.W. Murray. |
| 260 ## - PUBLICATION, DISTRIBUTION, ETC. (IMPRINT) | |
| Place of publication, distribution, etc. | London : |
| Name of publisher, distributor, etc. | Routledge, |
| Date of publication, distribution, etc. | 1935. |
| 300 ## - PHYSICAL DESCRIPTION | |
| Pagination | xv, 344 p. : |
| Illustrations | ill. ; |
| Size | 26 cm |
| 500 ## - GENERAL NOTE | |
| General note | Includes Index. |
| 650 #0 - SUBJECT ADDED ENTRY--TOPICAL TERM | |
| Topical term or geographic name as entry element | Bedouins |
| 9 (RLIN) | 166309 |
| Topical term or geographic name as entry element | Ethnology |
| Geographic subdivision | Egypt |
| 9 (RLIN) | 203606 |
| Topical term or geographic name as entry element | Ethnology |
| Geographic subdivision | Egypt |
| -- | Shamāl Sīnāʼ |
| 9 (RLIN) | 203607 |
| 942 ## - ADDED ENTRY ELEMENTS (KOHA) | |
| Source of classification or shelving scheme | Dewey Decimal Classification |
| Koha item type | Books |
| Lost status | Source of classification or shelving scheme | Damaged status | Not for loan | Collection code | Permanent Location | Current Location | Shelving location | Date acquired | Source of acquisition | Cost, normal purchase price | Total Checkouts | Full call number | Date last seen | Copy number | Koha item type |
|---|---|---|---|---|---|---|---|---|---|---|---|---|---|---|---|
| Dewey Decimal Classification | Not For Loan | Non-fiction | Central Library, University of Rajshahi | Central Library, University of Rajshahi | Reading Room | 02/12/1957 | Pak. American Co. | 18.12 | 962.0049272 MUS 1935 | 05/04/2017 | C-1 | Books |